| 000 | 00571nam a2200181Ia 4500 | ||
|---|---|---|---|
| 008 | 230921s9999||||xx |||||||||||||| ||und|| | ||
| 020 | _a978-3-030-20099-2 | ||
| 022 | _a2523-871X | ||
| 041 | _aEN | ||
| 100 | _aAndrea Rizzi, Birgit Lang, Anthony Pym | ||
| 245 | 0 | _aWhat is Translation History? | |
| 250 | _a1st ed. 2019 | ||
| 260 |
_c2019 _bSpringer International Publishing |
||
| 440 | _aTranslation History | ||
| 856 | _uhttps://doi.org/10.1007/978-3-030-20099-2 | ||
| 856 | _uhttps://link.springer.com/openurl?genre=book&isbn=978-3-030-20099-2 | ||
| 942 | _cEB | ||
| 999 |
_c261078 _d261078 |
||